000 03323cgm a2200757Ia 4500
001 38165
005 20230410123812.0
007 vd cvaizk
008 980416p19971992cau130 e vleng d
035 _a(OCoLC)ocm38961151
040 _aSDE
_cSDE
_dCUY
_dOCL
_dEMU
_dTMI
_dONU
_dOCLCQ
_dMUQ
_dRCS
_dGK8
_dBTCTA
019 _a45181881
020 _a0800177177
020 _a9780800177171
024 1 0 _a043396514195
028 4 2 _a51419
_bColumbia TriStar Home Video
035 _a(OCoLC)38961151
_z(OCoLC)45181881
041 1 _aeng
_afre
_aspa
_beng
_bkor
_bspa
_heng
043 _ae-uk-en
082 0 4 _a791.43/72
_222
050 1 4 _aCM DVD 00220
049 _aGRAL
245 0 0 _aBram Stoker's Dracula
_h[videorecording] /
_cColumbia Pictures ; directed by Francis Ford Coppola ; screenplay by James V. Hart ; produced by Francis Ford Coppola, Fred Fuchs, Charles Mulvehill ; an American Zoetrope, Osiris Films production.
246 3 _aDracula
260 _aCulver City, Calif. :
_bColumbia TriStar Home Video,
_cc1997.
300 _a1 videodisc (ca. 130 min.) :
_bsd., col. ;
_c4 3/4 in.
538 _aDVD.
546 _aEnglish, Spanish, or French language soundtrack with optional subtitles available in Spanish and Korean ; closed-captioned in English for the hearing impaired.
511 1 _aGary Oldman, Winona Ryder, Anthony Hopkins, Keanu Reeves, Richard E. Grant, Cary Elwes, Bill Campbell, Sadie Frost, Tom Waits.
508 _aDirector of photography, Michael Ballhaus ; music, Wojcieck Kilar ; editors, Nicholas C. Smith, Glen Scantlebury, Anne Goursaud ; costumes designed by Eiko Ishioka.
500 _aWidescreen format (aspect ratio 1.85:1) on side A, standard ormat on side B.
500 _aOriginally released as a motion picture in 1992.
500 _aBased on the novel by Bram Stoker.
521 8 _aMPAA rating: R.
520 _aThe tortured journey of the devastatingly seductive Transylvanian Prince as he moves from Eastern Europe to 19th century London in search of his reincarnated long-lost love.
600 1 0 _aStoker, Bram,
_d1847-1912
_vFilm and video adaptations.
650 0 _aVampires
_zEngland
_zLondon
_vDrama.
650 0 _aDracula, Count (Fictitious character)
_vDrama.
650 0 _aMan-woman relationships
_vDrama.
651 0 _aLondon (England)
_vDrama.
650 7 _aVampiros
_zInglaterra
_zLondres
_vTeatro.
_2bidex
650 7 _aDracula, Count (Personaje literario)
_vTeatro.
_2bidex
650 7 _aRelaciones hombre-mujer
_vTeatro.
_2bidex
655 0 _aFeature films.
655 0 _aHorror films.
655 0 _aVampire films.
655 0 _aDracula films.
655 0 _aVideo recordings for the hearing impaired.
650 6 _aLongs mâetrages
_zâEtats-Unis.
700 1 _aCoppola, Francis Ford,
_d1939-
700 1 _aFuchs, Fred.
700 1 _aMulvehill, Charles.
700 1 _aHart, James V.
700 1 _aOldman, Gary.
700 1 _aRyder, Winona,
_d1971-
700 1 _aHopkins, Anthony,
_d1937-
700 1 _aReeves, Keanu.
700 1 _aStoker, Bram,
_d1847-1912.
_tDracula.
710 2 _aColumbia Pictures.
710 2 _aAmerican Zoetrope (Firm)
710 2 _aOsiris Films (Firm)
710 2 _aColumbia TriStar Home Video (Firm)
938 _aBaker and Taylor
_bBTCP
_nbe2004106117
942 _2lcc
_cdvd
994 _aC0
_bDRFGD
999 _c66636
_d66636